|
|
|
|
| LEADER |
00000nab a2200000ua 4500 |
| 001 |
vtls010798064 |
| 003 |
SK-MaSNL |
| 005 |
20260303211616.0 |
| 008 |
230222s1963 xo |||||||||||||||||eng| |
| 035 |
|
|
|a (urnnbn)urn:nbn:sk:snk:ar-a02am9
|
| 035 |
|
|
|a (uuid)c4252afb-38ef-48ef-b3f5-b1093fd4612c
|
| 035 |
|
|
|a urn:nbn:sk:snk-ab4jb9
|
| 040 |
|
|
|a SNKBUCL
|b slo
|c SNKBUCL
|e AACR2
|
| 041 |
0 |
|
|a eng
|
| 044 |
|
|
|a xo
|c SK
|
| 100 |
1 |
|
|a Styk, B.
|4 aut
|9 1141376
|
| 245 |
1 |
0 |
|a RAPID DIAGNOSIS OF INFLUENZA BY THE FLUORESCENT ANTIBODY METHOD
|c B. Styk, D. Blaškovič, J. Leššo, P. Albrecht, V. Lackovič, V. Rathová
|
| 700 |
1 |
|
|a Blaškovič, Dionýz,
|d 1913-1998
|4 aut
|9 37673
|
| 700 |
1 |
|
|a Leššo, Jozef,
|d 1933-
|4 aut
|9 7615
|
| 700 |
1 |
|
|a Albrecht, P.
|4 aut
|9 947336
|
| 700 |
1 |
|
|a Lackovič, V.
|4 aut
|9 948598
|
| 700 |
1 |
|
|a Rathová, V.
|4 aut
|9 1137899
|
| 773 |
0 |
|
|t Acta virologica
|g Roč. 7, č. 2 (1963), s. 192
|
| 958 |
|
|
|a OND
|
| 958 |
|
|
|a EUIPO
|
| 958 |
|
|
|a article3
|
| 999 |
|
|
|c 2203549
|d 2205479
|